Der Dichter als Führer in der deutschen Klassik (Record no. 86942)

MARC details
000 -LEADER
campo de control de longitud fija 00650nam a2200193 i 4500
001 - NÚMERO DE CONTROL
campo de control 86942
003 - IDENTIFICADOR DE NÚMERO DE CONTROL
campo de control ES-MaACL
005 - FECHA Y HORA DE LA ÚLTIMA TRANSACCIÓN
campo de control 20230906175545.0
007 - CAMPO FIJO DE DESCRIPCIÓN FÍSICA--INFORMACIÓN GENERAL
campo de control de longitud fija t|
008 - DATOS DE LONGITUD FIJA--INFORMACIÓN GENERAL
campo de control de longitud fija 041216q1935 gw ||||1| ger d
100 1# - ENTRADA PRINCIPAL--NOMBRE DE PERSONA
Nombre de persona Kommerell, Max.
9 (RLIN) 68541
245 14 - MENCIÓN DEL TÍTULO
Título Der Dichter als Führer in der deutschen Klassik
Resto del título : Klopstock, Herder, Goethe, Schiller, Jean Paul, Hölderlin /
Mención de responsabilidad, etc. Max Kommerell.
250 ## - MENCION DE EDICION
Mención de edición 2e ed.
260 ## - PUBLICACIÓN, DISTRIBUCIÓN, ETC.
Lugar de publicación, distribución, etc. Frankfurt am Main :
Nombre del editor, distribuidor, etc. Vittorio Klostermann,
Fecha de publicación, distribución, etc. [1935?]
300 ## - DESCRIPCIÓN FÍSICA
Extensión 483 p. ;
Dimensiones 25 cm.
650 #4 - PUNTO DE ACCESO ADICIONAL DE MATERIA--TÉRMINO DE MATERIA
Término de materia o nombre geográfico como elemento de entrada Literatura alemana-
Subdivisión cronológica S.XVIII-
Subdivisión de forma Historia y crítica.
9 (RLIN) 210634
852 ## - LOCALIZACIÓN
Ubicación ES-MaACL
Número de control de estantería F-16192
Sublocalización o colección R.21109
Holdings
Estatus retirado Estado de pérdida Estado de daño No para préstamo Biblioteca de origen Biblioteca actual Ubicación en estantería Fecha de adquisición Fuente de adquisición Total de préstamos Signatura topográfica completa Código de barras Visto por última vez Precio de reemplazo Tipo de ítem Koha
        Biblioteca del Ateneo de Madrid Biblioteca del Ateneo de Madrid Sala Pecera Planta 2 17/01/2008     F-16192 1090839 23/02/2023 23/02/2023 Libro impreso